Перегруппировка N-ацетилдифениламина; Известия Томского политехнического института [Известия ТПИ]; Т. 272 : Химия и химическая технология

Sonraí bibleagrafaíochta
Parent link:Известия Томского политехнического института [Известия ТПИ]/ Томский политехнический институт (ТПИ).— , 1944-1976
Т. 272 : Химия и химическая технология.— 1974 [обл. 1975].— [С. 79-81]
Príomhchruthaitheoir: Сироткина Е. Е. Екатерина Егоровна
Rannpháirtithe: Коган Р. М.
Achoimre:Заглавие с титульного листа
Электронная версия печатной публикации
Teanga:Rúisis
Foilsithe / Cruthaithe: 1974 [обл. 1975]
Ábhair:
Rochtain ar líne:Черно-белая версия для предварительного просмотра
Цветная версия без потери качества
Formáid: MixedMaterials Leictreonach Caibidil leabhair
KOHA link:https://koha.lib.tpu.ru/cgi-bin/koha/opac-detail.pl?biblionumber=237125

MARC

LEADER 00000nla2a2200000 4500
001 237125
005 20231031204819.0
035 |a (RuTPU)RU\TPU\book\258296 
035 |a RU\TPU\book\258295 
090 |a 237125 
100 |a 20130510d1974 k y0rusy50 ca 
101 0 |a rus 
102 |a RU 
135 |a drnn ---uucaa 
181 0 |a i  
182 0 |a b 
200 1 |a Перегруппировка N-ацетилдифениламина  |b Электронный ресурс  |f Е. Е. Сироткина, Р. М. Коган 
203 |a Текст  |c электронный 
215 |a 2 файла (177 Кб, 3.6 Мб) 
230 |a Электронные текстовые данные (2 файла : 177 Кб, 3.6 Мб) 
300 |a Заглавие с титульного листа 
300 |a Электронная версия печатной публикации 
320 |a [Библиогр.: с. 80-81 (5 назв.)] 
337 |a Adobe Reader 
461 1 |0 (RuTPU)RU\TPU\book\200995  |t Известия Томского политехнического института [Известия ТПИ]  |f Томский политехнический институт (ТПИ)  |d 1944-1976 
463 1 |0 (RuTPU)RU\TPU\book\258266  |t Т. 272 : Химия и химическая технология  |v [С. 79-81]  |d 1974 [обл. 1975]  |p 223 с. 
610 1 |a электронный ресурс 
610 1 |a труды учёных ТПУ 
700 1 |a Сироткина  |b Е. Е.  |c российский химик  |c профессор Томского политехнического университета  |f 1926-  |g Екатерина Егоровна  |2 stltpush  |3 (RuTPU)RU\TPU\pers\19865 
701 1 |a Коган  |b Р. М. 
801 1 |a RU  |b 63413507  |c 20090320  |g PSBO 
801 2 |a RU  |b 63413507  |c 20130519  |g PSBO 
856 4 |u http://www.lib.tpu.ru/fulltext/v/Bulletin_TPU/1975/v272/26_bw.pdf  |z Черно-белая версия для предварительного просмотра 
856 4 |u http://www.lib.tpu.ru/fulltext/v/Bulletin_TPU/1975/v272/26_full.pdf  |z Цветная версия без потери качества 
942 |c CF